000
00218nam a2200097Ia 4500
008
210430s9999 xx 000 0 und d
082
_a
646.35 B8861B
245
_a
Brunei Darussalam
300
_a
168
942
_c
BK
_2
ddc
999
_c
565185
_d
565185